000 00496cam a22002171 4500
001 sa 64007708
003 DLC
005 20260227112049.0
008 890705s1963 ii 000 1 gujo
010 _asa 64007708
035 _a(OCoLC)19964418
040 _aDLC
_cWaU
_dDLC
042 _apremarc
050 0 0 _aPK1859.M45
_bM38
100 1 _aMehta, Rasik.
245 1 0 _aMayūrapaṅkha.
260 _c[1963]
300 _a320 p.
_c19 cm.
500 _aIn Gujarati.
500 _aA novel.
999 _c60429
_d60429